000 00353nam a2200145Ia 4500
008 230711s9999||||xx |||||||||||||| ||und||
041 _aENG
082 _a720
_bNA-S
100 _aNaeim,Farzad
245 4 _aThe seismic design handbook
250 _a2nd Ed.
260 _c1990
_aNew York
_bVan Nostrand Reinhold Co.
650 _aArchitecture
942 _cBK
999 _c403
_d403